| 000 | 00661nam a2200193 a 4500 | ||
|---|---|---|---|
| 005 | 20220526063927.0 | ||
| 008 | 991125s1994 mx 000 0 spa u | ||
| 020 | _a9706130705 | ||
| 035 | _aUPN01000005816 | ||
| 049 | _aLT | ||
| 050 | 4 |
_aLB1651 M6.2 _bM5.2 |
|
| 100 | 1 | _aMiranda Herrera, José Mario | |
| 245 | 1 | 0 |
_aBiología 2 : _beducación secundaria : segundo grado / _cJosé Mario Miranda Herrera, José luis Rodríguez Loesa. |
| 260 |
_aMéxico : _bHarla : _bOxford University, _c1994. |
||
| 300 |
_a112 P. : _bil. col. |
||
| 650 | 4 |
_aBiología _xEstudio y enseñanza (Secundaria) _94532 |
|
| 700 | 1 |
_aRodríguez Loesa, José Luis, _ecoaut. |
|
| 905 | _aLibro | ||
| 999 |
_c5816 _d5816 |
||